Most Populous Cities in the Caribbean with Exceptions - Statistics

General Stats
  • This quiz has been taken 42 times
  • The average score is 4 of 15
Answer Stats
Population Country/Island City % Correct
227,940 Bahamas Nassau
97%
49,031 Trinidad and Tobago Port of Spain
81%
98,511 Barbados Bridgetown
78%
125,000 Curaçao Willemstad
46%
29,998 Aruba Oranjestad
35%
89,995 Martinique Fort-de-France
30%
29,370 Cayman Islands Georgetown
19%
50,601 US Virgin Islands Saint Croix
14%
67,433 Trinidad and Tobago Chaguanas
8%
63,058 Guadeloupe Les Abymes
8%
55,419 Trinidad and Tobago San Fernando
5%
35,000 Trinidad and Tobago Arima
3%
30,551 Guadeloupe Baie-Mahault
3%
39,229 Martinique Le Lamentin
3%
35,650 Trinidad and Tobago Rio Claro
0%
No matching quizzes found
Score Distribution
Percent of People with Each Score
Percentile by Number Answered
Your Score History
You have not taken this quiz